Banderas de Chile - Estadísticas

Estadísticas generales
  • Esta prueba ha sido intentada 81 veces
  • La puntuación promedio es 10 de 28
Estadísticas de respuestas
Imagen Respuesta % Correcto
Chile
100%
Wenufoye
86%
Región de Magallanes
63%
Te Reva Reimiro
58%
Región de Arica y Parinacota
53%
Región del Libertador General Bernardo O'Higgins
53%
Comuna de Santiago
52%
Región del Biobío
50%
Región de Valparaíso
48%
Región del Maule
47%
Región Metropolitana
47%
Región de Antofagasta
45%
Wiphala
38%
Patria Vieja
36%
Región de Tarapacá
34%
Región de Coquimbo
31%
Región de los Lagos
28%
Región de los Ríos
27%
Región de Aysén del General Carlos Ibáñez del Campo
25%
Región de Atacama
23%
Región de la Araucanía
22%
Región del Ñuble
17%
Bandera de la Transición
16%
Bandera Presidencial
16%
Bandera de Proa
5%
Reino de la Araucanía y la Patagonia
3%
Bandera Militar Mapuche durante la guerra de Arauco
2%
Reino de Isla de Pascua
2%
No se encontraron pruebas coincidentes
Distribución de puntuación
Porcentaje de gente con cada puntuación
Porcentaje por número respondido
Historial de tus puntuaciones
No has intentado esta prueba.